00500nam a2200169Ia 450000500170000000800410001702000150005808200130007310000190008624500270010526000390013230000130017150000300018494200060021495200950022099900150031520250620015613.0240331s9999 xx 000 0 und d a9552009057 bJAYa324 aJayawardene, K 0aIndiyanu deshapalanaya aColombobS Godage & Brothersc1993 a118 p ., aA book on Indian Politics cL 001040708LaWERCLbWERCLcSSCd2024-03-31l0o 324 JAYp3117r2024-03-31w2024-03-31yL c2527d2527